A modern polgári oktatási rendszer kiépülése és ellentmondásai

Elmentve itt :
Bibliográfiai részletek
Szerző: Mann Miklós
Dokumentumtípus: Cikk
Megjelent: 2003
Sorozat:Iskolakultúra 13 No. 6-7
Online Access:http://misc.bibl.u-szeged.hu/39749
LEADER 00594nab a2200169 i 4500
001 misc39749
005 20191106140816.0
008 180709s2003 hu o 0|| zxx d
022 |a 1215-5233 
040 |a SZTE Miscellanea Repozitórium  |b hun 
041 |a zxx 
100 1 |a Mann Miklós 
245 1 2 |a A modern polgári oktatási rendszer kiépülése és ellentmondásai  |h [elektronikus dokumentum] /  |c  Mann Miklós 
260 |c 2003 
300 |a 59-62 
490 0 |a Iskolakultúra  |v 13 No. 6-7 
856 4 0 |u http://misc.bibl.u-szeged.hu/39749/1/EPA00011_iskolakultura_2003_06_07_059-062.pdf  |z Dokumentum-elérés